000 00580nam a2200169 u 4500
001 000036154
005 20200930074924.0
008 111220s dr r 000 0 spa d
040 _aDO-SdBNP
_bspa
_cBNPHU
082 _axxxx
_bA185
100 1 _aAcosta, Cecilio
_d1818-1881
_917887
245 1 0 _aCartas venezolanas :
_bApreciación de Cecilio Acosta /
_cCecilio Acosta.
260 _aMadrid :
_bEditorial-América.
490 1 _aBiblioteca Andrés Bello
590 _aPerteneció a la biblioteca personal de Juan Isidro Jimenes Grullón
830 0 _aBiblioteca Andrés Bello
_93963
999 _c35645
_d35645